Uniquest Country names (excluding island nations) - Statistics

General Stats
  • This quiz has been taken 20 times
  • The average score is 4 of 15
Answer Stats
Level of Uniqueness Answer % Correct
Totally Unique USA
68%
Totally Unique UAE
58%
Totally Unique Congo
47%
Extremely Unique Central African Republic
42%
Wierdly Unique Saudi Arabia
32%
Wierdly Unique South Africa
32%
Unique Luxembourg
26%
Unique-ish San Marino
26%
Wierdly Unique Turkey
26%
Extremely Unique El Salvador
21%
Unique Bangladesh
16%
Totally Unique DRC
16%
Extremely Unique Sri Lanka
11%
Unique Denmark
5%
Wierdly Unique Nicaragua
0%
No matching quizzes found
Score Distribution
Percent of People with Each Score
Percentile by Number Answered
Your Score History
You have not taken this quiz